El hombre, la mujer y el problema sexual / (Record no. 22239)

MARC details
000 -LEADER
campo de control de longitud fija 00992nam a2200265 i 4500
001 - NÚMERO DE CONTROL
campo de control 22239
003 - IDENTIFICADOR DE NÚMERO DE CONTROL
campo de control ES-MaACL
005 - FECHA Y HORA DE LA ÚLTIMA TRANSACCIÓN
campo de control 20250403175601.0
007 - CAMPO FIJO DE DESCRIPCIÓN FÍSICA--INFORMACIÓN GENERAL
campo de control de longitud fija t|
008 - DATOS DE LONGITUD FIJA--INFORMACIÓN GENERAL
campo de control de longitud fija 021202s1952 sp ||||1| spa d
080 ## - NÚMERO DE LA CLASIFICACIÓN DECIMAL UNIVERSAL
Número de la Clasificación Decimal Universal 612.6.06
100 1# - ENTRADA PRINCIPAL--NOMBRE DE PERSONA
Nombre de persona Algora Gorbea, José.
9 (RLIN) 19896
245 13 - MENCIÓN DEL TÍTULO
Título El hombre, la mujer y el problema sexual /
Mención de responsabilidad, etc. José Algora Gorbea.
250 ## - MENCION DE EDICION
Mención de edición 1ª ed.
260 ## - PUBLICACIÓN, DISTRIBUCIÓN, ETC.
Lugar de publicación, distribución, etc. Zaragoza :
Nombre del editor, distribuidor, etc. [s.n.],
Fecha de publicación, distribución, etc. 1952 (
Fabricante Heraldo de Aragón)
300 ## - DESCRIPCIÓN FÍSICA
Extensión 214 p., 1 lám. :
Otras características físicas retr. aut,
Dimensiones 22 cm.
490 1# - MENCIÓN DE SERIE
Mención de serie Sexo y vida
650 #4 - PUNTO DE ACCESO ADICIONAL DE MATERIA--TÉRMINO DE MATERIA
Término de materia o nombre geográfico como elemento de entrada Sexualidad.
9 (RLIN) 17078
830 1# - PUNTO DE ACCESO ADICIONAL DE SERIE-TÍTULO UNIFORME
Título uniforme Sexo y vida
9 (RLIN) 228985
852 4# - LOCALIZACIÓN
Ubicación ES-MaACL
Número de control de estantería D-6470
itemnumber 23046
Sublocalización o colección R. 32540
-- R.M. 6063
Ubicación en estantería Sala Valle Inclán
Marcas de propiedad Sello en tinta azul de la Biblioteca del Ateneo de Madrid
Nota libre En cubierta: “Donativo”
-- En cubierta: "2. OCT. 1952"
-- Retrato: José Algora
942 ## - ELEMENTOS DE ENTRADA SECUNDARIOS (KOHA)
Fuente del sistema de clasificación o colocación Clasificación decimal universal
Tipo de ítem Koha Libro impreso
Holdings
Estatus retirado Estado de pérdida Estado de daño No para préstamo Biblioteca de origen Biblioteca actual Ubicación en estantería Fecha de adquisición Fuente de adquisición Total de préstamos Signatura topográfica completa Código de barras Visto por última vez Precio de reemplazo Tipo de ítem Koha
        Biblioteca del Ateneo de Madrid Biblioteca del Ateneo de Madrid Sala Valle Inclán 17/01/2008     D-6470 901022889 23/02/2023 23/02/2023 Libro impreso